000 00332nam a22001457a 4500
003 SGT
020 _a978-1-4625-0959-1
082 _a616.89
_bP12M
100 _aMARODA, KAREN J.
245 _aPSYCHODYNAMIC TECHNIQUES
260 _aNEW YORK
_bTHE GUILFORD
_c2012
300 _a274
650 _aPSYCHOLOGY
942 _2ddc
_cBK
_01
999 _c15049
_d15049